[Event "Samara-ch"]
[Site "Samara"]
[Date "2010.04.26"]
[Round "6"]
[White "Yuriev, Alexander"]
[Black "Chernenko, Alexander"]
[Result "1-0"]
[WhiteElo "1899"]
[BlackElo "1965"]
[PlyCount "63"]
[EventDate "2010.04.21"]
[EventType "swiss"]
[EventRounds "9"]
[EventCountry "RUS"]
[SourceTitle "EXT 2012"]
[Source "ChessBase"]
[SourceDate "2011.11.24"]
[SourceVersion "1"]
[SourceVersionDate "2011.11.24"]
[SourceQuality "1"]

1. d4 Nf6 2. c4 g6 3. Nc3 d5 4. b3 Bg7 5. Nf3 0-0 6. Bb2 dxc4 7. bxc4 c5 8. e3 cxd4 9. exd4 Qa5 10. Bd3 Nc6 11. 0-0 Bg4 12. Be2 Rad8 13. Nb5 Ne4 14. h3 a6 15. hxg4 axb5 16. cxb5 Qb6 17. Qc2 Nxd4 18. Bxd4 Bxd4 19. Qxe4 Bxa1 20. Rxa1 Rd6 21. Bc4 Rc8 22. g5 Rc5 23. a4 Qd8 24. Qe2 Qc7 25. Bb3 Rc3 26. Rb1 Rdd3 27. Bxf7+ Kf8 28. Be6 Rc1+ 29. Rxc1 Qxc1+ 30. Ne1 Ra3 31. Qe5 Qa1 32. Qf4+ 1-0

[Event "Samara-ch"]
[Site "Samara"]
[Date "2010.04.24"]
[Round "4"]
[White "Malyshev, Vasily"]
[Black "Yuriev, Alexander"]
[Result "1-0"]
[WhiteElo "2024"]
[BlackElo "1899"]
[PlyCount "77"]
[EventDate "2010.04.21"]
[EventType "swiss"]
[EventRounds "9"]
[EventCountry "RUS"]
[SourceTitle "EXT 2012"]
[Source "ChessBase"]
[SourceDate "2011.11.24"]
[SourceVersion "1"]
[SourceVersionDate "2011.11.24"]
[SourceQuality "1"]

1. e4 e5 2. Nf3 Nc6 3. Bb5 a6 4. Bxc6 dxc6 5. 0-0 Bg4 6. h3 Bxf3 7. Qxf3 Nf6 8. d3 Qd6 9. Nd2 b5 10. Nb3 c5 11. Be3 Nd7 12. Qg3 g6 13. f4 Bg7 14. f5 0-0 15. Qf2 c4 16. dxc4 bxc4 17. Rfd1 Qc6 18. Na5 Qb5 19. Nxc4 Nf6 20. b3 Nxe4 21. Qf3 Nc3 22. a4 Qe8 23. Rf1 e4 24. Qf2 f6 25. Qd2 gxf5 26. Rxf5 Qe6 27. g4 h5 28. Qxc3 hxg4 29. hxg4 Rad8 30. Bc5 Rf7 31. Ne3 Rfd7 32. Qc4 Kf7 33. Raf1 Qxc4 34. Nxc4 Kg6 35. Be3 Rh8 36. Kg2 Rdd8 37. Rh1 Rhe8 38. Kg3 Rd7 39. Rhf1 1-0

[Event "Samara-ch"]
[Site "Samara"]
[Date "2010.04.23"]
[Round "3"]
[White "Aksenov, Anton"]
[Black "Yuriev, Alexander"]
[Result "0-1"]
[WhiteElo "2015"]
[BlackElo "1899"]
[PlyCount "42"]
[EventDate "2010.04.21"]
[EventType "swiss"]
[EventRounds "9"]
[EventCountry "RUS"]
[SourceTitle "EXT 2012"]
[Source "ChessBase"]
[SourceDate "2011.11.24"]
[SourceVersion "1"]
[SourceVersionDate "2011.11.24"]
[SourceQuality "1"]

1. e4 e5 2. Nf3 Nc6 3. Bb5 a6 4. Bxc6 dxc6 5. Nc3 Bg4 6. h3 Bxf3 7. Qxf3 Nf6 8. d3 Be7 9. 0-0 0-0 10. Qg3 Qd6 11. Ne2 c5 12. f4 Nd7 13. fxe5 Nxe5 14. Bf4 f6 15. Rad1 Rad8 16. d4 cxd4 17. Nxd4 Qb6 18. Bxe5 fxe5 19. Rxf8+ Kxf8 20. Qxe5 Bf6 21. Rf1 Rxd4 0-1

[Event "Samara-ch"]
[Site "Samara"]
[Date "2010.04.22"]
[Round "2"]
[White "Yuriev, Alexander"]
[Black "Rumyantsev, Nikolay"]
[Result "1-0"]
[WhiteElo "1899"]
[BlackElo "1801"]
[PlyCount "66"]
[EventDate "2010.04.21"]
[EventType "swiss"]
[EventRounds "9"]
[EventCountry "RUS"]
[SourceTitle "EXT 2012"]
[Source "ChessBase"]
[SourceDate "2011.11.24"]
[SourceVersion "1"]
[SourceVersionDate "2011.11.24"]
[SourceQuality "1"]

1. d4 Nf6 2. c4 e5 3. e3 e4 4. Bd2 c6 5. Nc3 d6 6. Nge2 a6 7. Ng3 d5 8. Qb3 b5 9. cxd5 cxd5 10. a4 b4 11. Na2 a5 12. Bb5+ Bd7 13. 0-0 Bxb5 14. axb5 Nbd7 15. f3 g6 16. fxe4 dxe4 17. Nxe4 Be7 18. Rad1 0-0 19. Ng3 Bd6 20. e4 Bxg3 21. hxg3 Nxe4 22. Bh6 Ndf6 23. Bxf8 Kxf8 24. Nc1 Qd7 25. Qd3 Kg7 26. Rf4 Nd6 27. Rdf1 Nd5 28. R4f2 h5 29. Nb3 f5 30. Rc2 Nf6 31. Rc6 Nfe4 32. Rfc1 Kf8 33. Nc5 Re8 1-0

[Event "Samara-chB"]
[Site "Samara"]
[Date "2009.12.14"]
[Round "9"]
[White "Smetanov, Alexander"]
[Black "Yuriev, Alexander"]
[Result "1-0"]
[WhiteElo "1729"]
[BlackElo "1917"]
[PlyCount "109"]
[EventDate "2009.12.06"]
[EventType "swiss"]
[EventRounds "9"]
[EventCountry "RUS"]
[SourceTitle "EXT 2012"]
[Source "ChessBase"]
[SourceDate "2011.11.24"]
[SourceVersion "1"]
[SourceVersionDate "2011.11.24"]
[SourceQuality "1"]

1. e4 c5 2. Nc3 Nc6 3. f4 d6 4. Nf3 g6 5. Bc4 Bg7 6. 0-0 Nf6 7. d3 0-0 8. f5 Na5 9. fxg6 hxg6 10. Bd5 e6 11. Bb3 Qb6 12. Kh1 Bd7 13. Bd2 Qc7 14. Qc1 Bc6 15. Bh6 Nxb3 16. axb3 d5 17. Bxg7 Kxg7 18. e5 Nd7 19. Qg5 Rh8 20. Rae1 Rae8 21. Nh4 Nxe5 22. Qf6+ Kg8 23. Rf4 Rh5 24. g4 Rxh4 25. Rxe5 Qe7 26. Qxe7 Rxe7 27. Kg2 Kg7 28. Kg3 Rh8 29. g5 Rh5 30. h4 b5 31. Nd1 a6 32. Ne3 Rh8 33. Ng4 Rb8 34. Nf6 Rc7 35. h5 Re7 36. h6+ Kh8 37. c3 a5 38. Rf2 Reb7 39. Kf4 a4 40. b4 c4 41. d4 Ra8 42. Re3 Rba7 43. Ke5 a3 44. bxa3 Rxa3 45. Ng4 R8a7 46. Kf6 Kh7 47. Ne5 Be8 48. Ref3 R3a6 49. Ng4 Bc6 50. Ke5 Kg8 51. h7+ Kxh7 52. Nf6+ Kg7 53. Rh2 Ra2 54. Rh7+ Kf8 55. Kd6 1-0

[Event "Samara-chB"]
[Site "Samara"]
[Date "2009.12.07"]
[Round "2"]
[White "Yuriev, Alexander"]
[Black "Kovanov, Viktor"]
[Result "1-0"]
[WhiteElo "1917"]
[BlackElo "1486"]
[PlyCount "157"]
[EventDate "2009.12.06"]
[EventType "swiss"]
[EventRounds "9"]
[EventCountry "RUS"]
[SourceTitle "EXT 2012"]
[Source "ChessBase"]
[SourceDate "2011.11.24"]
[SourceVersion "1"]
[SourceVersionDate "2011.11.24"]
[SourceQuality "1"]

1. e4 e6 2. d4 d5 3. e5 c5 4. c3 Nc6 5. Nf3 Qb6 6. a3 c4 7. Be2 Bd7 8. Nbd2 Na5 9. Qc2 h6 10. 0-0 Ne7 11. Bd1 Nec6 12. Re1 Be7 13. Rb1 Qc7 14. b4 cxb3 15. Qd3 Rc8 16. Re3 b5 17. Bxb3 Nc4 18. Bxc4 bxc4 19. Qc2 0-0 20. Nf1 Rb8 21. N3d2 Rxb1 22. Nxb1 Bg5 23. Rg3 Bxc1 24. Qxc1 Kh8 25. Qf4 f5 26. Rh3 Kh7 27. Nbd2 Qd8 28. Nf3 Kg8 29. Qg3 Kh8 30. Qg6 Qe8 31. Qg3 Ne7 32. Qf4 Ng8 33. Ng3 Qf7 34. Ne2 Be8 35. Ng5 Qe7 36. Qd2 a5 37. f4 a4 38. Qb2 g6 39. Qb4 Qxb4 40. cxb4 Bd7 41. Nc3 Kg7 42. Nf3 Ne7 43. Ne1 Nc8 44. Nc2 Na7 45. Re3 Bb5 46. Re1 g5 47. g3 gxf4 48. gxf4 Kh7 49. Kf2 Rg8 50. h3 h5 51. Ne3 Kh6 52. Ng2 Bd7 53. Nh4 Be8 54. Nf3 Bd7 55. Ng5 Rg7 56. Rb1 Nb5 57. Nxb5 Bxb5 58. Nxe6 Re7 59. Ng5 c3 60. Rc1 Rc7 61. Ne6 Rc4 62. Rc2 Bd7 63. Nc5 Be8 64. Ke3 Kh7 65. Kd3 h4 66. Rxc3 Rxc3+ 67. Kxc3 Kg7 68. Ne6+ Kf7 69. Nc7 Bc6 70. b5 Bb7 71. Kb4 Ke7 72. Kc5 Kd7 73. Kb6 Bc8 74. Nxd5 Ke6 75. Ne3 Bd7 76. d5+ Ke7 77. Kc5 Bc8 78. e6 Kf6 79. Kd6 1-0

[Event "Samara op"]
[Site "Samara"]
[Date "2008.12.06"]
[Round "2"]
[White "Yuriev, Alexander"]
[Black "Lukyanov, Artiom"]
[Result "1/2-1/2"]
[WhiteElo "1915"]
[BlackElo "2090"]
[PlyCount "65"]
[EventDate "2008.12.05"]
[EventType "swiss"]
[EventRounds "9"]
[EventCountry "RUS"]
[SourceTitle "CBM 127 Extra"]
[Source "ChessBase"]
[SourceDate "2009.01.08"]
[SourceVersion "2"]
[SourceVersionDate "2009.01.28"]
[SourceQuality "1"]

1. d4 d5 2. c4 e6 3. Nc3 Nf6 4. Bg5 Be7 5. e3 0-0 6. Nf3 h6 7. Bxf6 Bxf6 8. Bd3 c6 9. 0-0 Nd7 10. cxd5 exd5 11. b4 Re8 12. b5 Nc5 13. Be2 Ne4 14. Na4 Bd7 15. bxc6 Bxc6 16. Qb3 Qa5 17. Nb2 Be7 18. a4 Rac8 19. Bd3 Bd6 20. Rac1 a6 21. Rc2 Qd8 22. Rfc1 Ra8 23. Nd1 Qd7 24. Nb2 Kh8 25. Bf1 Qg4 26. Nd3 Qd7 27. Ra1 f6 28. Nb2 Qd8 29. Rac1 Qa5 30. Bd3 Qb4 31. Qa2 Qa3 32. Ra1 Qxa2 33. Rxa2 1/2-1/2

[Event "Samara Region-ch FL"]
[Site "Samara"]
[Date "2007.12.19"]
[Round "5"]
[White "Kalugin, Yury"]
[Black "Yuriev, Alexander"]
[Result "1-0"]
[WhiteElo "1971"]
[BlackElo "1949"]
[PlyCount "91"]
[EventDate "2007.12.15"]
[EventType "swiss"]
[EventRounds "9"]
[EventCountry "RUS"]
[SourceTitle "EXT 2022"]
[Source "ChessBase"]
[SourceDate "2021.10.06"]
[SourceVersion "1"]
[SourceVersionDate "2021.10.06"]
[SourceQuality "1"]

1. e4 e5 2. Nf3 Nc6 3. Bc4 Be7 4. d4 d6 5. dxe5 dxe5 6. Bd5 Bd7 7. 0-0 Nf6 8. Nc3 0-0 9. Re1 Bg4 10. h3 Bxf3 11. Qxf3 Nd4 12. Qd1 c6 13. Bb3 Qc7 14. Be3 Rad8 15. Qc1 b5 16. a3 a6 17. Ba2 Rd7 18. f3 Rfd8 19. Ne2 Nxe2+ 20. Rxe2 Rd1+ 21. Qxd1 Rxd1+ 22. Rxd1 c5 23. Bd5 h6 24. Red2 g5 25. h4 Kg7 26. hxg5 hxg5 27. Bxg5 c4 28. Be3 c3 29. bxc3 Qxc3 30. Rd3 Qxc2 31. Bb3 Qc7 32. Rc1 Qa5 33. Rdc3 Bxa3 34. R1c2 Bd6 35. Kf2 Qb4 36. Ba2 Qa4 37. Bb3 Qa5 38. Rc6 Bb4 39. Bg5 Nh5 40. Bh6+ Kh7 41. g3 Qa1 42. Bc1 Qd4+ 43. Kg2 Nxg3 44. Bxf7 Be1 45. Bg6+ Kg8 46. Bh6 1-0

[Event "Samara Region-ch FL"]
[Site "Samara"]
[Date "2007.12.16"]
[Round "2"]
[White "Yuriev, Alexander"]
[Black "Krylov, Leonid"]
[Result "1-0"]
[WhiteElo "1949"]
[BlackElo "1891"]
[PlyCount "81"]
[EventDate "2007.12.15"]
[EventType "swiss"]
[EventRounds "9"]
[EventCountry "RUS"]
[SourceTitle "EXT 2022"]
[Source "ChessBase"]
[SourceDate "2021.10.06"]
[SourceVersion "1"]
[SourceVersionDate "2021.10.06"]
[SourceQuality "1"]

1. e4 e5 2. Nf3 Nc6 3. Bb5 a6 4. Ba4 Nf6 5. Nc3 Be7 6. 0-0 b5 7. Bb3 d6 8. h3 0-0 9. d3 Na5 10. Nh2 c5 11. Bd5 Bb7 12. Bxb7 Nxb7 13. f4 Rc8 14. Nf3 Qc7 15. fxe5 dxe5 16. Bg5 c4 17. Bxf6 Bxf6 18. Nd5 Qd6 19. Nh2 Be7 20. b4 Nd8 21. Ng4 f6 22. Nge3 g6 23. Qg4 Nc6 24. Nf5 Qd8 25. Nfxe7+ Nxe7 26. Qe6+ Kh8 27. Qxe7 Qxe7 28. Nxe7 Rce8 29. Nd5 cxd3 30. cxd3 f5 31. Rac1 Rc8 32. Rc5 Rxc5 33. bxc5 Rc8 34. Rc1 Rc6 35. exf5 gxf5 36. Ne7 Rc7 37. Nxf5 b4 38. c6 a5 39. Ne3 a4 40. Nd5 Rc8 41. Nxb4 1-0

[Event "Samara-ch Rating"]
[Site "Samara"]
[Date "2007.03.06"]
[Round "9"]
[White "Krylov, Leonid"]
[Black "Yuriev, Alexander"]
[Result "1/2-1/2"]
[WhiteElo "1915"]
[BlackElo "1969"]
[PlyCount "106"]
[EventDate "2007.02.02"]
[EventType "tourn"]
[EventRounds "11"]
[EventCountry "RUS"]
[SourceTitle "EXT 2022"]
[Source "ChessBase"]
[SourceDate "2021.10.06"]
[SourceVersion "1"]
[SourceVersionDate "2021.10.06"]
[SourceQuality "1"]

1. Nf3 g6 2. c4 Bg7 3. g3 Nf6 4. Bg2 c5 5. 0-0 0-0 6. Nc3 Nc6 7. b3 d5 8. cxd5 Nxd5 9. Bb2 Ncb4 10. Qc1 Rb8 11. Nxd5 Bxb2 12. Qxb2 Qxd5 13. d3 Qh5 14. Rfc1 Nc6 15. Rc4 b6 16. Rh4 Qf5 17. Qd2 Qf6 18. Rc1 Bb7 19. Ng5 h5 20. Ne4 Qg7 21. Nc3 Nd4 22. Bxb7 Rxb7 23. Kg2 Rd7 24. Nd1 Rfd8 25. Ne3 Qh6 26. Kf1 Rd6 27. Nc4 Qxd2 28. Nxd2 f5 29. Nc4 Re6 30. e4 b5 31. Nb2 Nf3 32. exf5 Rc6 33. Rh3 Kg7 34. Kg2 Ng5 35. Rh4 gxf5 36. Rxh5 Kg6 37. Rh4 a5 38. a4 bxa4 39. Rxa4 Rb8 40. Nc4 Ra6 41. Rxa5 Rxa5 42. Nxa5 Rb5 43. Ra1 Kf6 44. Ra3 Ne6 45. h4 Nd4 46. Kf1 Nc2 47. Ra4 Nd4 48. Ke1 Kg6 49. Kd2 Rxa5 50. Kc3 Rb5 51. Ra6+ e6 52. Kc4 Rxb3 53. Kxc5 Rxd3 1/2-1/2

[Event "Samara-ch Rating"]
[Site "Samara"]
[Date "2007.02.02"]
[Round "8"]
[White "Yuriev, Alexander"]
[Black "Smetanov, Nikolay"]
[Result "0-1"]
[WhiteElo "1969"]
[BlackElo "1965"]
[PlyCount "86"]
[EventDate "2007.02.02"]
[EventType "tourn"]
[EventRounds "11"]
[EventCountry "RUS"]
[SourceTitle "EXT 2022"]
[Source "ChessBase"]
[SourceDate "2021.10.06"]
[SourceVersion "1"]
[SourceVersionDate "2021.10.06"]
[SourceQuality "1"]

1. e4 e6 2. d4 d5 3. e5 c5 4. c3 Nc6 5. Nf3 Qb6 6. Bd3 cxd4 7. cxd4 Bd7 8. Bc2 Nb4 9. Nc3 Nxc2+ 10. Qxc2 Ne7 11. 0-0 Nc6 12. Be3 Rc8 13. Qb3 Qa6 14. Qb5 Nxe5 15. Qxa6 Nxf3+ 16. gxf3 bxa6 17. Rfc1 Be7 18. a4 0-0 19. Kg2 Rb8 20. Rab1 Rfc8 21. b3 Rc6 22. a5 Ba3 23. Rc2 Rbc8 24. Ra2 Bb4 25. Na4 Rc2 26. Rxc2 Rxc2 27. Nc5 Bb5 28. f4 Bxa5 29. Nxa6 Bxa6 30. Ra1 Bb6 31. Rxa6 Rb2 32. Ra3 Kf8 33. Ra1 Rxb3 34. Rc1 Rd3 35. Rc8+ Ke7 36. f5 exf5 37. Kf3 f6 38. h4 Rd1 39. Rh8 h6 40. Rh7 Kf8 41. Rh8+ Kf7 42. Rb8 Rh1 43. Kg3 Bc7+ 0-1